| 000 | 00823nam a2200277 a 4500 | ||
|---|---|---|---|
| 003 | AR-BaBNM | ||
| 005 | 20251128203853.0 | ||
| 008 | 082120s2002 ||||||||||||||000 | spa|| | ||
| 040 | _cAR-BaBNM | ||
| 100 | 1 | _aValente, Carmelo Gerardo | |
| 245 | 0 | 0 | _aLa vivienda en el mundo |
| 260 |
_aBuenos Aires _bEudeba _c1972 |
||
| 300 |
_axiii, 190 p. _bláms., il. |
||
| 490 | 0 | _aBiblioteca del universitario. Temas: Arquitectura | |
| 500 | _aContiene referencias bibliográficas en p. 189 | ||
| 650 | 4 | _aARQUITECTURA | |
| 650 | 4 | _aDEMOGRAFIA | |
| 650 | 4 | _aMATERIALES DE CONSTRUCCION | |
| 650 | 4 | _aINGENIERIA DE LA CONSTRUCCION | |
| 650 | 4 | _aCONSTRUCCION DE VIVIENDAS | |
| 650 | 4 | _aGEOGRAFIA HUMANA | |
| 650 | 4 | _aCENSOS DE POBLACION | |
| 700 | 1 |
_aCuevillas, Fernando _eprologuista |
|
| 942 | _cBK | ||
| 998 | _cMARTIN | ||
| 999 |
_c5264 _d5264 |
||